Using fuzzy goal programming for long range production planning in agricultural systems (Record no. 71994)

MARC details
000 -LEADER
fixed length control field 00468nam a2200145Ia 4500
100 ## - MAIN ENTRY--AUTHOR NAME
Personal name Pal Bijay Baran
245 #0 - TITLE STATEMENT
Title Using fuzzy goal programming for long range production planning in agricultural systems
260 ## - PUBLICATION, DISTRIBUTION, ETC. (IMPRINT)
Name of publisher Indian Journal of Agricultural Economics
Year of publication 2004
300 ## - PHYSICAL DESCRIPTION
Number of Pages 75-90
650 ## - SUBJECT ADDED ENTRY--TOPICAL TERM
Topical Term Agricultural planning system
650 ## - SUBJECT ADDED ENTRY--TOPICAL TERM
Topical Term Fuzzy global programming
700 ## - ADDED ENTRY--PERSONAL NAME
Personal name Moitra Bhola Nath
942 ## - ADDED ENTRY ELEMENTS (KOHA)
Koha item type Journals
Holdings
Withdrawn status Lost status Damaged status Not for loan Home library Current library Shelving location Date acquired Serial Enumeration / chronology Koha item type
      Journals RRII Library RRII Library Agricultural economics 17/12/2021 Volume 59, Issue 1 Journals